Land law, 2009-2010 (Record no. 110781)

MARC details
000 -LEADER
fixed length control field 01794cam a22003135a 4500
001 - CONTROL NUMBER
control field L150185
008 - FIXED-LENGTH DATA ELEMENTS--GENERAL INFORMATION
fixed length control field 081029s2009 xxkd f g 001 0 eng d
020 ## - INTERNATIONAL STANDARD BOOK NUMBER
International Standard Book Number 9780415458443
020 ## - INTERNATIONAL STANDARD BOOK NUMBER
International Standard Book Number 9780203868003
035 ## - SYSTEM CONTROL NUMBER
System control number (Sirsi) u150185
041 0# - LANGUAGE CODE
Language code of text/sound track or separate title eng
050 04 - LIBRARY OF CONGRESS CALL NUMBER
Classification number 346.41043 $2 18
100 1# - MAIN ENTRY--PERSONAL NAME
Personal name Dixon, Martin
245 00 - TITLE STATEMENT
Title Land law, 2009-2010
250 ## - EDITION STATEMENT
Edition statement 6th ed.
260 ## - PUBLICATION, DISTRIBUTION, ETC.
Place of publication, distribution, etc. Oxon
Name of publisher, distributor, etc. Routledge-Cavendish
Date of publication, distribution, etc. 2009
300 ## - PHYSICAL DESCRIPTION
Extent eBook
505 2# - FORMATTED CONTENTS NOTE
Formatted contents note Preface -- Table of cases -- Table of Statutes -- Tables of Statutory Instruments and European legislation -- Table of acronyms -- An introduction to modern land law -- Registered land -- Unregistered land -- Co-ownership -- Successive interests in land -- Leases -- The law of easements and profits -- Freehold covenants -- Licenses and proprietary estoppel -- The law of mortgages -- Adverse possession
520 ## - SUMMARY, ETC.
Summary, etc. Detailed guide to land law, including commentary on the legislation and recent case law (including Doherty v Birmingham City Council and Yeoman's Row Management v Cobbe). Covers all the topics covered on a typical undergraduate course and makes use of tables and diagrams. Of use to students and all others looking for an introduction to the udnerlying principles of land law.
520 ## - SUMMARY, ETC.
Summary, etc. This item is archived on VLEBooks. Please contact [email protected] if you would like this title reactivated. Note we do not have more recent editions of this title available digitally.
521 ## - TARGET AUDIENCE NOTE
Target audience note Advanced
590 ## - LOCAL NOTE (RLIN)
Local note KA
650 24 - SUBJECT ADDED ENTRY--TOPICAL TERM
Topical term or geographic name entry element DOHERTY V BIRMINGHAM CITY COUNCIL
650 24 - SUBJECT ADDED ENTRY--TOPICAL TERM
Topical term or geographic name entry element EBOOK
650 24 - SUBJECT ADDED ENTRY--TOPICAL TERM
Topical term or geographic name entry element YEOMANS ROW MANAGEMENT LTD V COBBE
651 #4 - SUBJECT ADDED ENTRY--GEOGRAPHIC NAME
Geographic name England and Wales
Chronological subdivision 1543-
690 ## - LOCAL SUBJECT ADDED ENTRY--TOPICAL TERM (OCLC, RLIN)
Topical term or geographic name as entry element PROPERTY-PROPERTY ACQUISITION AND DISPOSAL-REGISTRATION OF TITLE TO PROPERTY-LAND REGISTRATION
942 ## - ADDED ENTRY ELEMENTS (KOHA)
Suppress in OPAC 0
Source of classification or shelving scheme Dewey Decimal Classification
Holdings
Withdrawn status Lost status Source of classification or shelving scheme Damaged status Not for loan Home library Current library Shelving location Date acquired Cost, normal purchase price Total Checkouts Full call number Barcode Date last seen Copy number Cost, replacement price Price effective from Koha item type
    Dewey Decimal Classification     Virtual Virtual Online 03/09/2010 40.73   EBOOK 150185-8002 06/08/2019 2 40.73 06/08/2019 Book